000 00514nam a22001937a 4500
005 20240108151510.0
008 240108b ||||| |||| 00| 0 eng d
020 _a9780471587422
040 _cAL
041 _aeng
082 _223
_a512.5
_bANTE
100 _aHoward Anton
_9147710
245 _aElementary linear algebra
250 _a7th ed.
260 _aNew York
_bJohn Wiley & Sons
_c1994
300 _axiii,570p.
_bHB
_c23.5x19.5cm.
650 _2Mathematics
_aLinear Algebra
_9147711
942 _2ddc
_cBK
999 _c229604
_d229604